Quantum chemistry & spectroscopy / (رقم التسجيلة. 31298)

تفاصيل مارك
000 -الفاتح
حقل البيانات ثابتة الطول 02143cam a22003494a 4500
001 - رقم الضبط
رقم الضبط 7680802
003 - محدد رقم الضبط
رقم الضبط OSt
005 - وقت وتاريخ اخر تعامل مع التسجيلة
رقم الضبط 20150408114143.0
008 - عناصر البيانات ثابتة الطول - معلومات عامة
حقل البيانات ثابتة الطول 131017s2010 nyua b 001 0 eng
010 ## - رقم ضبط مكتبة الكونجرس
رقم ضبط مكتبة الكونجرس 2009008647
020 ## - الرقم الدولى المعيارى للكتب
الرقم الدولى المعيارى للكتاب 9788131712856
024 ## - معرف معيارى اخر
الرقم او الرمز المعيارى 99936491733
035 ## - رقم ضبط النظام
رقم ضبط النظام (OCoLC)297146389
035 ## - رقم ضبط النظام
رقم ضبط النظام (OCoLC)ocn297146389
035 ## - رقم ضبط النظام
رقم ضبط النظام (NNC)7680802
040 ## - مصدر الفهرسة
وكالة الفهرسة الأصلية DLC
وكالة النسخ DLC
وكالة التعديل BTCTA
-- YDXCP
-- C#P
-- OrLoB-B
082 00 - رقم تصنيف ديوى العشرى
رقم التصنيف 541.28
رقم الطبعة 22
رقم المادة ETQ
100 1# - المدخل الرئيسى - إسم شخصى
الإسم الشخصى Engel, Thomas,
التواريخ المصاحبة للاسم 1942-
9 (RLIN) 36326
245 10 - بيان العنوان
العنوان Quantum chemistry & spectroscopy /
بيان المسئوليه,etc .Thomas Engel, Phailip Reid
246 3# - العنوان الموازى
عنوان صحيح/عنوان مختصر Quantum chemistry and spectroscopy
260 ## - PUBLICATION, DISTRIBUTION, ETC. (IMPRINT)
مكان الناشر او الموزع Delhi, India :.
اسم الناشر او الموزع ,Pearson/Dorling Kindersley,
تاريخ النشر أو التوزيع 2013.
300 ## - الوصف المادى
التعداد 507 p. :
تفاصيل ماديه اخرى للوعاء ill. (chiefly col.) ;
أبعاد الوعاء 29 cm.
500 ## - تبصرة عامة
تبصرة عامة Rev. ed. of: Quantum chemistry and spectroscopy. c2006.
504 ## - تبصرة ببليوجرافية
تبصرة ببليوجرافية,الخ Includes bibliographical references and index.
505 00 - تبصرة محتويات-الفهرس
معلومات متنوعة 1.
العنوان From Classical to Quantum Mechanics --
معلومات متنوعة 2.
العنوان The Schrodinger Equation --
معلومات متنوعة 3.
العنوان The Quantum Mechanical Postulates --
معلومات متنوعة 4.
العنوان Using Quantum Mechanics on Simple Systems --
معلومات متنوعة 5.
العنوان The Particle in the Box and the Real World --
معلومات متنوعة 6.
العنوان Commuting and Noncommuting Operators and the Surprising Consequences of Entanglement --
معلومات متنوعة 7.
العنوان A Quantum Mechanical Model for the Vibration and Rotation of Molecules --
معلومات متنوعة 8.
العنوان The Vibrational and Rotational Spectroscopy of Diatomic Molecules --
معلومات متنوعة 9.
العنوان The Hydrogen Atom --
معلومات متنوعة 10.
العنوان Many-Electron Atoms --
معلومات متنوعة 11.
العنوان Quantum States for Many-Electron Atoms and Atomic Spectroscopy --
معلومات متنوعة 12.
العنوان The Chemical Bond in Diatomic Molecules --
معلومات متنوعة 13.
العنوان Molecular Structure and Energy Levels for Polyatomic Molecules --
معلومات متنوعة 14.
العنوان Electronic Spectroscopy --
معلومات متنوعة 15.
العنوان Computational Chemistry --
معلومات متنوعة 16.
العنوان Molecular Symmetry --
معلومات متنوعة 17.
العنوان Nuclear Magnetic Resonance Spectroscopy --
معلومات متنوعة Appendix A.
العنوان Math Supplement --
معلومات متنوعة Appendix B.
العنوان Point Group Character Tables --
معلومات متنوعة Appendix C.
العنوان Answers to Selected End-of Chapter Problems.
650 #0 - المدخل الاضافى بالموضوع-مصطلح موضوعى
مصطلح موضوعي أو اسم جغرافي كعنصر مدخل Quantum chemistry
التقسيم الفرعي الشكلي Textbooks.
9 (RLIN) 37999
650 #0 - المدخل الاضافى بالموضوع-مصطلح موضوعى
مصطلح موضوعي أو اسم جغرافي كعنصر مدخل Spectrum analysis
التقسيم الفرعي الشكلي Textbooks.
9 (RLIN) 38000
700 1# - المدخل الاضافى - اسم شخصى
الإسم الشخصى Reid, Phailip
9 (RLIN) 38001
900 ## - احالة مرجعية-اسم شخصى [LOCAL, CANADA]
الترقيم TOC
942 ## - عناصر المدخل الإضافي( كوها)
مصدر التصنيف او مخطط الترفيف Dewey Decimal Classification
Koha [default] item type DVD
948 1# - معلومات معالجة محلية جزء السلاسل(OCLC); DESIGNATOR (RLIN)
Series part designator, SPT (RLIN) 20100323
b (OCLC) c
c (OCLC) sds12
d (OCLC) MPS
المقتنيات
حالة الفقد نموذج السعر الفعال حالة تلف ليس للاعارة رقم الطلب رقم النسخة تاريخ الاكتساب الموقع الحالي الباركود الفرع الرئيسي Date last seen نوع المادة فى نظام كوها مصدر التصنيف او خطة الترفيف Total Checkouts
  2013-10-17   Not For Loan 541.28 ETQ 1 2013-10-17 المكتبة المركزية بالمجمعة (CL) 00206706 المكتبة المركزية بالمجمعة (CL) 2013-10-17 كتاب Dewey Decimal Classification  
  2013-10-17     541.28 ETQ 2 2013-10-17 المكتبة المركزية بالمجمعة (CL) 00206705 المكتبة المركزية بالمجمعة (CL) 2013-10-17 كتاب Dewey Decimal Classification  
  2013-10-17     541.28 ETQ 3 2013-10-17 المكتبة المركزية بالمجمعة (CL) 00206704 المكتبة المركزية بالمجمعة (CL) 2013-10-17 كتاب Dewey Decimal Classification